• 首页
  • 本馆介绍
  • 公告通知
  • 最新文献
  • 馆藏检索
  • 电子资源
  • 读者导购
  • 参考咨询
  • 我的图书馆
  • 登录
  • 详细信息显示
  • 放入我的书架
  • 预约/预借图书
  • 作者相关作品
  • 分类相关作品
  • 丛书相关作品
  • 出版社相关作品

书目信息

  • 表格格式
  • 工作单格式
  • 卡片格式
题名:
实验室安全技术与管理研究
    
 
作者: 金峰 , 桑志国 著
分册:  
出版信息: 北京   中国原子能出版社  2020.03
页数: 184页
开本: 24cm
丛书名:
单 册:
中图分类: G482 , G311
科图分类:
主题词: 实验室--安全技术--研究 , 实验室管理--研究
电子资源:
ISBN: 978-7-5022-9965-1
000 00892nam0 2200265 450
001 0103152643
005 20201103152729.0
010    @a978-7-5022-9965-1@dCNY62.00
100    @a20200713d2020 em y0chiy50 ea
101 0  @achi
102    @aCN@b110000
105    @aa z 000yy
106    @ar
200 1  @a实验室安全技术与管理研究@Ashi yan shi an quan ji shu yu guan li yan jiu@f金峰, 桑志国著
210    @a北京@c中国原子能出版社@d2020.03
215    @a184页@c图@d24cm
330    @a本书从实验室安全的必要性和重要性出发,讲述了实验室中经常出现的各种安全问题的表现特点、产生原因、防治措施、应急处理和救援,既有理论知识,也有相关案例。
606 0  @a实验室@x安全技术@x研究
606 0  @a实验室管理@x研究
690    @aG482@v5
690    @aG311@v5
701  0 @a金峰@Ajin feng@4著
701  0 @a桑志国@Asang zhi guo@4著
801  0 @aCN@bBJSZM@c20201103
905    @b1255311-5@dG482@e12@f5
    
    实验室安全技术与管理研究/金峰, 桑志国著.-北京:中国原子能出版社,2020.03
    184页:图;24cm
    
    
    ISBN 978-7-5022-9965-1:CNY62.00
    本书从实验室安全的必要性和重要性出发,讲述了实验室中经常出现的各种安全问题的表现特点、产生原因、防治措施、应急处理和救援,既有理论知识,也有相关案例。
●
相关链接 在E读中查询图书 在五车中查询图书 在当当中查询图书 在豆瓣中查询图书


正题名:实验室安全技术与管理研究     索取号:G482/12         预约/预借

序号 登录号 条形码 馆藏地/架位号 状态 备注
1 1255311   212553119   第一样本阅览室/ [索取号:G482/12] 在馆    
2 1255312   212553128   教育系资料室/ [索取号:G482/12] 在馆    
3 1255313   212553137   教育系资料室/ [索取号:G482/12] 在馆    
4 1255314   212553146   第四借阅区/ [索取号:G482/12] 在馆    
5 1255315   212553155   第四借阅区/ [索取号:G482/12] 在馆    
唐山师范学院图书馆 欢迎您!
大连网信软件有限公司© 版权所有